Geboren in Bietigheim-Bissingen - Statistiken

Allgemein
  • Dieses Quiz wurde 45 mal gespielt
  • Das Durchschnittsergebnis liegt bei 3 aus 8
Antwortstatistiken
Hinweis Antwort % Korrekt
Fußballnationaltorwart, FC Fulham (früher Arsenal und Leverkusen) 1992 Bernd Leno
86%
Rapper, "Keine Liebe" "Dior 2001" 1994 RIN
63%
Rapper, "Nautilus" "Arbeit ist out" "Affalterbach" 1988 Shindy
53%
Trainer des SC Freiburg seit 2024, ehemaliger Fußballer und langjähriger Kapitän des SC Freiburg 1985 Julian Schuster
30%
Vorstandsvorsitzender des VfB Stuttgart, zuvor langjähriger Geschäftsführer des 1. FC Köln 1975 Alexander Wehrle
28%
Leibarzt des Japanischen Kaiserhaus und einer der Begründer der modernen Medizin in Japan 1849 Erwin Bälz
9%
Bischof der Diözese Rottenburg-Stuttgart 1948 Gebhard Fürst
5%
Unternehmer und Mitgründer des Zweiradherstellers NSU 1844 Christian Schmidt
2%
Keine übereinstimmenden Quizze gefunden
Verteilung der Resultate
Anzahl Personen mit jedem Resultat
Perzentil nach korrekt beantworteten Fragen
Ihre Resultats-Entwicklung
Sie haben dieses Quiz noch nicht gespielt